<?xml version="1.0" encoding="UTF-8"?>
<record
    xmlns:xsi="http://www.w3.org/2001/XMLSchema-instance"
    xsi:schemaLocation="http://www.loc.gov/MARC21/slim http://www.loc.gov/standards/marcxml/schema/MARC21slim.xsd"
    xmlns="http://www.loc.gov/MARC21/slim">

  <leader>00311    a2200109   4500</leader>
  <controlfield tag="001">ART_51091</controlfield>
  <controlfield tag="005">20260410161955.0</controlfield>
  <controlfield tag="008">260409a                                 </controlfield>
  <datafield tag="245" ind1="1" ind2="0">
    <subfield code="a">El caso "Vicentin"</subfield>
  </datafield>
  <datafield tag="100" ind1="1" ind2=" ">
    <subfield code="a">Escuti, Ignacio A.</subfield>
  </datafield>
  <datafield tag="773" ind1="0" ind2=" ">
    <subfield code="t">Temas de derecho comercial</subfield>
    <subfield code="g">- A&#xF1;o 6, N&#xB0; 8 (ago. 2020)</subfield>
    <subfield code="w">REV28151</subfield>
  </datafield>
  <datafield tag="999" ind1=" " ind2=" ">
    <subfield code="c">30784</subfield>
    <subfield code="d">30784</subfield>
  </datafield>
</record>
